[Event "CAN op"]
[Site "Hamilton CAN"]
[Date "2022.07.15"]
[Round "7.2"]
[White "Paragua, Mark"]
[Black "Rodrigue-Lemieux, Shawn"]
[Result "0-1"]
[WhiteElo "2610"]
[BlackElo "2493"]
[PlyCount "156"]
[EventDate "2022.07.12"]
[EventType "swiss"]
[EventRounds "9"]
[EventCountry "CAN"]

1. e4 c6 2. d4 d5 3. Nc3 dxe4 4. Nxe4 Nf6 5. Nxf6+ exf6 6. c3 Bf5 7. Bd3 Bxd3
8. Qxd3 Bd6 9. Ne2 O-O 10. O-O Re8 11. Be3 Nd7 12. Rad1 Qa5 13. c4 Rad8 14. h3
Bb8 15. Qb3 Qc7 16. g3 Nb6 17. Kg2 Qe7 18. Nc3 h5 19. d5 cxd5 20. c5 Nc4 21.
Nxd5 Qe4+ 22. f3 Qg6 23. Bf2 Rxd5 24. Qxc4 Rxd1 25. Rxd1 Bxg3 26. Bxg3 h4 27.
Qf4 hxg3 28. Rd2 Qb1 29. Qxg3 Qxa2 30. Qc7 Qc4 31. Rd8 Qe2+ 32. Kg3 Rxd8 33.
Qxd8+ Kh7 34. Qd7 Qe5+ 35. f4 Qxb2 36. Qxf7 Qc3+ 37. Kg4 Qxc5 38. Qxb7 Qg1+ 39.
Kf5 Qg6+ 40. Ke6 Qe8+ 41. Kd5 f5 42. Qxa7 Qe4+ 43. Kd6 Qxf4+ 44. Ke6 Qe4+ 45.
Kf7 Qd5+ 46. Ke7 Qe5+ 47. Kd7 f4 48. Qf2 Qf5+ 49. Kd6 Qxh3 50. Qc2+ Kh6 51. Ke5
Qe3+ 52. Kf5 g6+ 53. Kf6 Qd4+ 54. Ke6 f3 55. Qc1+ Kh5 56. Kf7 Qd5+ 57. Kg7 f2
58. Qf4 Qd7+ 59. Kh8 Qf5 60. Qh2+ Kg5 61. Qg3+ Kf6 62. Qd6+ Kf7 63. Qc7+ Ke6
64. Qb6+ Ke5 65. Qb2+ Ke4 66. Qe2+ Kd4 67. Qd2+ Kc4 68. Qe2+ Kc3 69. Qe3+ Kc2
70. Qe2+ Kc1 71. Qe3+ Kd1 72. Qd4+ Ke2 73. Qb2+ Kf1 74. Qc1+ Kg2 75. Qc6+ Qf3
76. Qxg6+ Kh2 77. Qc2 Qh5+ 78. Kg7 Kg1 0-1

[Event "CAN op"]
[Site "Hamilton CAN"]
[Date "2022.07.15"]
[Round "7.3"]
[White "Sheng, Joshua"]
[Black "Hua, Eugene"]
[Result "1-0"]
[WhiteElo "2558"]
[BlackElo "2392"]
[PlyCount "104"]
[EventDate "2022.07.12"]
[EventType "swiss"]
[EventRounds "9"]
[EventCountry "CAN"]

1. e4 e5 2. Nc3 Nc6 3. Bc4 Nf6 4. d3 h6 5. f4 Bb4 6. Nge2 d5 7. exd5 Nxd5 8.
O-O Be6 9. Bxd5 Bxd5 10. a3 Bxc3 11. Nxc3 Qd7 12. fxe5 O-O-O 13. Bf4 g5 14. Bg3
h5 15. Nxd5 Qxd5 16. Rf5 h4 17. Bf2 h3 18. Qg4 Kb8 19. Re1 Qa2 20. Qc4 Qxc4 21.
dxc4 Rd7 22. gxh3 b6 23. Be3 Rxh3 24. Rxg5 Rh4 25. b3 Nd4 26. Bxd4 Rdxd4 27.
Re2 Rd1+ 28. Kg2 a5 29. a4 Rh7 30. Rf2 Kb7 31. Rgf5 Rd7 32. Kg3 Rg7+ 33. Kf3
Rh7 34. Kg4 Rd1 35. Rg5 Rh1 36. Kf5 Rd1 37. Kf6 Re1 38. h4 Rxh4 39. Kxf7 Rhe4
40. Ke6 Kc6 41. Rf7 R4e2 42. Ke7 Kc5 43. Kd7 Kb4 44. Kxc7 Rxc2 45. Rf3 Rh2 46.
Kxb6 Rh6+ 47. Rf6 Rh3 48. c5 Rxb3 49. Rf4+ Ka3+ 50. Kxa5 Rd1 51. Rc4 Rd8 52.
Rg6 Rc8 1-0

[Event "CAN op"]
[Site "Hamilton CAN"]
[Date "2022.07.15"]
[Round "7.4"]
[White "Chiku-Ratte, Olivier-Kenta"]
[Black "Ortiz Suarez, Isan Reynaldo"]
[Result "1-0"]
[WhiteElo "2458"]
[BlackElo "2526"]
[PlyCount "91"]
[EventDate "2022.07.12"]
[EventType "swiss"]
[EventRounds "9"]
[EventCountry "CAN"]

1. d4 Nf6 2. c4 c6 3. Nc3 d5 4. Nf3 e6 5. e3 Nbd7 6. Qc2 Bd6 7. b3 O-O 8. Bd3
b6 9. O-O Bb7 10. Bb2 Rc8 11. Rac1 Qe7 12. Rfd1 Rfe8 13. cxd5 exd5 14. Ne2 Ne4
15. Ng3 g6 16. Qe2 h5 17. Ne1 Ndf6 18. Nf1 Rc7 19. f3 Ng5 20. Qf2 Qd8 21. Bb1
Rce7 22. Nd3 Nd7 23. Bc3 Re6 24. Re1 Bf8 25. Nf4 Rf6 26. Qg3 Rd6 27. Nxh5 Be7
28. Nf4 Nh7 29. Qf2 Bh4 30. g3 Bf6 31. h4 g5 32. hxg5 Nxg5 33. Kg2 Bg7 34. g4
Nf8 35. Ng3 Bc8 36. Bb4 Rh6 37. Rh1 Nfe6 38. Rxh6 Bxh6 39. Nxe6 Rxe6 40. Nf5
Nh7 41. Rh1 Bf8 42. Rxh7 Kxh7 43. Bxf8 Qxf8 44. Qh4+ Kg8 45. Ne7+ Kg7 46. Qh7+
1-0

[Event "CAN op"]
[Site "Hamilton CAN"]
[Date "2022.07.15"]
[Round "7.5"]
[White "Vera, Reynaldo"]
[Black "Liang, Jason"]
[Result "0-1"]
[WhiteElo "2445"]
[BlackElo "2515"]
[PlyCount "72"]
[EventDate "2022.07.12"]
[EventType "swiss"]
[EventRounds "9"]
[EventCountry "CAN"]

1. d4 d5 2. c4 e6 3. Nf3 a6 4. Bg5 Be7 5. Bxe7 Qxe7 6. Qb3 Nf6 7. g3 O-O 8. Bg2
dxc4 9. Qxc4 b5 10. Qc2 Bb7 11. Nbd2 Rc8 12. Rc1 Nbd7 13. Nb3 Be4 14. Qd2 c5
15. dxc5 Nxc5 16. Nxc5 Rxc5 17. Rxc5 Qxc5 18. O-O Rc8 19. Qa5 Qd6 20. Ne1 h6
21. Bxe4 Nxe4 22. Nd3 Rc2 23. Re1 Rc4 24. Rd1 h5 25. b3 Rc2 26. Qe1 h4 27. Nb4
Rd2 28. Rxd2 Nxd2 29. Nxa6 h3 30. b4 Qd5 31. f3 Qxa2 32. Kf2 Qb2 33. g4 Qc3 34.
Qd1 Qd4+ 35. Ke1 Qe3 36. Qc2 Nxf3+ 0-1

[Event "CAN op"]
[Site "Hamilton CAN"]
[Date "2022.07.15"]
[Round "7.7"]
[White "Rusonik, Max"]
[Black "Sambuev, Bator"]
[Result "1/2-1/2"]
[WhiteElo "2312"]
[BlackElo "2568"]
[PlyCount "102"]
[EventDate "2022.07.12"]
[EventType "swiss"]
[EventRounds "9"]
[EventCountry "CAN"]

1. e4 d6 2. d4 Nf6 3. Nc3 e5 4. Nf3 Nbd7 5. Bc4 Be7 6. O-O O-O 7. Re1 c6 8. a4
a5 9. h3 Re8 10. Be3 h6 11. Qe2 exd4 12. Bxd4 Bf8 13. Qd3 Nb6 14. Ba2 Be6 15.
Bxe6 Rxe6 16. Rad1 Nbd7 17. e5 dxe5 18. Nxe5 Nxe5 19. Rxe5 Rd6 20. Ree1 Qd7 21.
Qc4 Re8 22. Be3 Qf5 23. Qb3 Rde6 24. Ne2 Bc5 25. Nd4 Bxd4 26. Rxd4 Nd5 27. c4
Nxe3 28. Rxe3 Rxe3 29. fxe3 Qe6 30. Rd3 Qe7 31. Qb6 Qe4 32. Qd4 Qf5 33. Qd7 Re6
34. Rb3 Qc5 35. Qd4 Qe7 36. Qb6 Qg5 37. Rd3 Kh7 38. Qd4 f5 39. Qf4 Qxf4 40.
exf4 Re4 41. b3 Re1+ 42. Kf2 Rb1 43. Ke3 c5 44. Kf2 Rb2+ 45. Kf3 h5 46. h4 b6
47. g3 Kg8 48. Ke3 Kf7 49. Kf3 Ke7 50. Ke3 g6 51. Kf3 Ke6 1/2-1/2

[Event "CAN op"]
[Site "Hamilton CAN"]
[Date "2022.07.15"]
[Round "7.8"]
[White "Doknjas, Neil"]
[Black "Banerjee, Bitan"]
[Result "0-1"]
[WhiteElo "2262"]
[BlackElo "2502"]
[PlyCount "88"]
[EventDate "2022.07.12"]
[EventType "swiss"]
[EventRounds "9"]
[EventCountry "CAN"]

1. e4 c5 2. Nf3 d6 3. d4 cxd4 4. Nxd4 Nf6 5. Nc3 Nc6 6. f3 e5 7. Nb3 Be6 8. Be3
Be7 9. Qe2 O-O 10. O-O-O Qb8 11. Kb1 Rc8 12. g4 a5 13. Nc1 Nb4 14. g5 Nh5 15.
a3 Nf4 16. Qb5 Nc6 17. Bxf4 exf4 18. h4 Ne5 19. Nd3 Rxc3 20. bxc3 Nc4 21. Kc1
Qa7 22. Re1 Nxa3 23. Qa4 Nc4 24. Nxf4 b5 25. Qxb5 Rb8 26. Qa4 Ne5 27. Nxe6 Qf2
28. Bb5 fxe6 29. Rhf1 Qxh4 30. f4 Nf3 31. Re3 Nh2 32. Qc4 Nxf1 33. Qxf1 Bxg5
34. Rf3 Rf8 35. Qc4 Bxf4+ 36. Kb1 Qe7 37. Ka2 g6 38. Qf1 Be5 39. Rxf8+ Qxf8 40.
Qh3 Qc8 41. Qh4 h5 42. c4 Kg7 43. Qe7+ Kh6 44. Kb3 Qc5 0-1

[Event "CAN op"]
[Site "Hamilton CAN"]
[Date "2022.07.15"]
[Round "7.9"]
[White "Fedorowicz, John"]
[Black "Han, Johnathan"]
[Result "1/2-1/2"]
[WhiteElo "2495"]
[BlackElo "2232"]
[PlyCount "53"]
[EventDate "2022.07.12"]
[EventType "swiss"]
[EventRounds "9"]
[EventCountry "CAN"]

1. d4 Nf6 2. c4 e6 3. Nf3 b6 4. a3 Bb7 5. Nc3 d5 6. cxd5 exd5 7. Qa4+ c6 8. g3
Bd6 9. Nh4 O-O 10. Nf5 Bc7 11. Bg2 Re8 12. Bg5 Nbd7 13. O-O Nf8 14. e4 Ne6 15.
Bxf6 Qxf6 16. exd5 cxd5 17. Ne3 Qxd4 18. Qxd4 Nxd4 19. Rad1 Ne6 20. Ncxd5 Bxd5
21. Rxd5 Rad8 22. b4 Rxd5 23. Nxd5 Bd6 24. Rd1 Bf8 25. h4 Rc8 26. Bh3 Rc6 27.
Bg2 1/2-1/2

[Event "CAN op"]
[Site "Hamilton CAN"]
[Date "2022.07.15"]
[Round "7.10"]
[White "Gavrilin, Roman"]
[Black "Zhang, Yuanchen"]
[Result "1-0"]
[WhiteElo "2235"]
[BlackElo "2464"]
[PlyCount "81"]
[EventDate "2022.07.12"]
[EventType "swiss"]
[EventRounds "9"]
[EventCountry "CAN"]

1. e4 e5 2. Nf3 Nc6 3. Bb5 a6 4. Ba4 Nf6 5. O-O b5 6. Bb3 Bb7 7. Re1 Bc5 8. c3
d6 9. d4 Bb6 10. a4 O-O 11. axb5 axb5 12. Rxa8 Qxa8 13. Bg5 Nd7 14. Bd5 exd4
15. cxd4 b4 16. Qd3 Na5 17. Bxb7 Qxb7 18. Nbd2 Qc6 19. Be3 d5 20. e5 h6 21. Qf5
Qe6 22. Qxe6 fxe6 23. Rc1 Nb7 24. Nb3 Ra8 25. Ne1 Ra2 26. Nd3 Na5 27. Nxa5 Bxa5
28. Kf1 Nb6 29. Rxc7 Nc4 30. Ra7 b3 31. Rb7 Bb6 32. g4 g5 33. Kg2 Ra7 34. Rxa7
Bxa7 35. Nc1 Nxb2 36. Nxb3 Nc4 37. Bc1 Bb6 38. Kg3 Kg7 39. h4 gxh4+ 40. Kxh4
Bd8+ 41. Kh5 1-0

[Event "CAN op"]
[Site "Hamilton CAN"]
[Date "2022.07.15"]
[Round "7.12"]
[White "Jaferian, Koosha"]
[Black "Chen, Richard"]
[Result "1-0"]
[WhiteElo "2336"]
[BlackElo "1955"]
[PlyCount "113"]
[EventDate "2022.07.12"]
[EventType "swiss"]
[EventRounds "9"]
[EventCountry "CAN"]

1. Nf3 Nf6 2. b3 g6 3. Bb2 Bg7 4. g3 d5 5. c4 O-O 6. Bg2 c5 7. cxd5 Nxd5 8.
Bxg7 Kxg7 9. O-O Nc6 10. Qc1 b6 11. Qb2+ Kg8 12. d4 cxd4 13. Nxd4 Nxd4 14. Qxd4
Bb7 15. Rd1 e6 16. Qe5 Qb8 17. Qb2 Nb4 18. Nd2 Bxg2 19. Kxg2 Qb7+ 20. Kg1 Rfd8
21. Nc4 Rd5 22. Ne3 Rxd1+ 23. Rxd1 h5 24. g4 Qe7 25. Qe5 Rd8 26. Rxd8+ Qxd8 27.
gxh5 gxh5 28. a3 Nd5 29. Nxd5 Qxd5 30. Qxd5 exd5 31. Kg2 Kg7 32. Kg3 Kg6 33.
Kf4 d4 34. h4 Kf6 35. Ke4 Ke6 36. f3 Kf6 37. Kxd4 Kf5 38. e3 Ke6 39. Ke4 f6 40.
Kf4 Ke7 41. Kf5 Kf7 42. f4 Ke7 43. e4 Kf7 44. e5 fxe5 45. Kxe5 b5 46. Kf5 a5
47. b4 a4 48. Kg5 Ke6 49. f5+ Kf7 50. Kxh5 Kf6 51. Kg4 Kf7 52. Kg5 Kg7 53. f6+
Kf7 54. Kf5 Kf8 55. Kg6 Kg8 56. f7+ Kf8 57. h5 1-0

[Event "CAN op"]
[Site "Hamilton CAN"]
[Date "2022.07.15"]
[Round "7.13"]
[White "Sharma, Vishruth"]
[Black "Mikhalevski, Victor"]
[Result "0-1"]
[WhiteElo "2106"]
[BlackElo "2629"]
[PlyCount "104"]
[EventDate "2022.07.12"]
[EventType "swiss"]
[EventRounds "9"]
[EventCountry "CAN"]

1. e4 c5 2. Nf3 d6 3. d4 cxd4 4. Nxd4 Nf6 5. Nc3 a6 6. f3 e5 7. Nb3 Be6 8. Be3
h5 9. Qd2 Nbd7 10. Nd5 Nxd5 11. exd5 Bf5 12. Bd3 Bxd3 13. Qxd3 Be7 14. O-O-O
Bg5 15. Kb1 Rc8 16. Rhe1 O-O 17. g4 Bxe3 18. Qxe3 Qh4 19. Rg1 Nf6 20. gxh5 Qxh5
21. Rd2 Kh8 22. Na5 b6 23. Nb7 b5 24. Nxd6 Rcd8 25. Qb6 Rd7 26. Qxa6 Qxf3 27.
Qb6 Kg8 28. Rd3 Qf4 29. Rdg3 g6 30. Nxb5 Rxd5 31. Nc7 Rd2 32. Ne6 Qf5 33. Qc6
fxe6 34. Rxg6+ Kh8 35. a3 Rxh2 36. Qc7 Rh7 37. Rh6 Rg8 38. Rxg8+ Kxg8 39. Rxh7
Nxh7 40. a4 e4 41. a5 e3 42. Qg3+ Kf7 43. Qxe3 Qxa5 44. c3 Nf6 45. b4 Qa3 46.
Kc2 Qa2+ 47. Kd3 Nd5 48. Qe5 Qb3 49. Qh5+ Ke7 50. Qg5+ Kd7 51. Qg7+ Kc6 52. Qe5
Nxb4+ 0-1

[Event "CAN op"]
[Site "Hamilton CAN"]
[Date "2022.07.15"]
[Round "7.14"]
[White "Russell, Wesley"]
[Black "Dukic, Zachary"]
[Result "0-1"]
[WhiteElo "1287"]
[BlackElo "2353"]
[PlyCount "88"]
[EventDate "2022.07.12"]
[EventType "swiss"]
[EventRounds "9"]
[EventCountry "CAN"]

1. e4 c6 2. d4 d5 3. Nc3 dxe4 4. Nxe4 Nf6 5. Nxf6+ exf6 6. c3 Bd6 7. Bd3 O-O 8.
Qc2 Re8+ 9. Ne2 h5 10. Be3 Nd7 11. O-O-O Nf8 12. Kb1 Be6 13. Nf4 Bxf4 14. Bxf4
b5 15. h3 a5 16. g4 h4 17. Be4 Qd7 18. g5 f5 19. Bf3 Ng6 20. Bc1 a4 21. Rhg1
Re7 22. Bh5 Qd5 23. c4 Qxc4 24. Qxc4 Bxc4 25. Bxg6 fxg6 26. Be3 Rae8 27. a3 Re4
28. Rge1 Kf7 29. Bd2 Bd3+ 30. Kc1 Be2 31. Bc3 Bxd1 32. Rxd1 Ke6 33. d5+ cxd5
34. Bxg7 Re2 35. Rd4 Re4 36. Rd1 Rc8+ 37. Kb1 d4 38. Bf6 Rc4 39. Bg7 Kd5 40.
Bf6 Re2 41. f4 b4 42. axb4 Rxb4 43. Ka1 Re3 44. Be7 Rxe7 0-1

[Event "CAN op"]
[Site "Hamilton CAN"]
[Date "2022.07.15"]
[Round "7.15"]
[White "Preotu, Razvan"]
[Black "Mendes, Aaron Reeve"]
[Result "0-1"]
[WhiteElo "2608"]
[BlackElo "2106"]
[PlyCount "96"]
[EventDate "2022.07.12"]
[EventType "swiss"]
[EventRounds "9"]
[EventCountry "CAN"]

1. e4 c5 2. Nf3 d6 3. d4 cxd4 4. Nxd4 Nf6 5. Nc3 a6 6. Be3 e5 7. Nb3 Be7 8. h3
Be6 9. Qf3 h5 10. O-O-O Nbd7 11. Nd5 Bxd5 12. exd5 Nb6 13. Kb1 Rc8 14. Bxb6
Qxb6 15. Bd3 g6 16. g4 Qb4 17. a3 Qa4 18. Rhg1 Rc7 19. Rde1 hxg4 20. hxg4 Rh4
21. Rxe5 dxe5 22. d6 Rc6 23. dxe7 Rxg4 24. Re1 Qf4 25. Qd1 Kxe7 26. Na5 Rc7 27.
Qe2 Rg5 28. Nc4 Nd7 29. Ne3 Nb6 30. Bxa6 bxa6 31. Qxa6 Qxf2 32. Re2 Rg1+ 33.
Ka2 Qf6 34. Qxb6 Qxb6 35. Nd5+ Ke6 36. Nxb6 f5 37. b3 f4 38. Nc4 Rc5 39. Rf2 g5
40. Kb2 g4 41. Nd2 g3 42. Re2 Kf5 43. c4 e4 44. Rxe4 Rg2 45. Rd4 Re2 46. Kc1 g2
47. Nf3 Kg4 48. Rd3 Re3 0-1

[Event "CAN op"]
[Site "Hamilton CAN"]
[Date "2022.07.15"]
[Round "7.16"]
[White "Terry, Joshua"]
[Black "Song, Terry"]
[Result "1-0"]
[WhiteElo "1958"]
[BlackElo "2218"]
[PlyCount "161"]
[EventDate "2022.07.12"]
[EventType "swiss"]
[EventRounds "9"]
[EventCountry "CAN"]

1. d4 d5 2. c4 e6 3. Nf3 Nf6 4. g3 Be7 5. Bg2 c6 6. Nbd2 O-O 7. O-O Nbd7 8. Qc2
Qc7 9. e4 dxe4 10. Nxe4 Nxe4 11. Qxe4 Qb6 12. b3 a5 13. Rb1 Rd8 14. Rd1 c5 15.
Be3 a4 16. Qc2 axb3 17. axb3 Qc7 18. Bf4 Qa5 19. d5 exd5 20. Rxd5 Nf6 21. Rxd8+
Qxd8 22. h3 h6 23. Be5 Bd7 24. Rd1 Qc8 25. Kh2 Bc6 26. Nh4 Bxg2 27. Nxg2 Qc6
28. Nf4 Re8 29. Qb2 Qe4 30. Bc3 Qf5 31. Re1 Bd6 32. Rxe8+ Nxe8 33. Nd5 h5 34.
Qe2 Kf8 35. Kg2 f6 36. Bb2 Kf7 37. Bc1 Qe5 38. Qf3 g6 39. Bf4 Qe6 40. Nc3 Bxf4
41. Qxf4 Nd6 42. Na4 Ne8 43. Qf3 Qc6 44. Qxc6 bxc6 45. Nxc5 Ke7 46. Kf3 Kd6 47.
b4 Ke5 48. Ke3 Nd6 49. Nd3+ Kf5 50. Kd4 g5 51. Kc5 Ke6 52. g4 hxg4 53. hxg4 Kd7
54. f3 Kc7 55. Kd4 Nf7 56. c5 Kd7 57. Ke4 Ke6 58. Nc1 Nh6 59. Ne2 Kd7 60. Nd4
Kc7 61. Nf5 Nf7 62. Ng3 Kd7 63. Kf5 Ke7 64. Ne4 Ne5 65. Nxg5 Nc4 66. Ne4 Ne3+
67. Kg6 Nd5 68. g5 Nf4+ 69. Kf5 fxg5 70. Kxg5 Nd5 71. f4 Nxb4 72. f5 Nd5 73.
Kg6 Nf4+ 74. Kh6 Kf7 75. Kg5 Nd3 76. f6 Ke6 77. Kg6 Ne5+ 78. Kg7 Kd5 79. f7
Nxf7 80. Kxf7 Kxe4 81. Ke6 1-0

[Event "CAN op"]
[Site "Hamilton CAN"]
[Date "2022.07.15"]
[Round "7.17"]
[White "Samsonkin, Artiom"]
[Black "Zhao, Jeffrey Renfei"]
[Result "1-0"]
[WhiteElo "2539"]
[BlackElo "2020"]
[PlyCount "35"]
[EventDate "2022.07.12"]
[EventType "swiss"]
[EventRounds "9"]
[EventCountry "CAN"]

1. e4 e5 2. Nf3 Nc6 3. Bc4 Bc5 4. c3 Nf6 5. d4 exd4 6. b4 Bb6 7. e5 d5 8. exf6
dxc4 9. Qe2+ Be6 10. b5 Na5 11. fxg7 Rg8 12. cxd4 Rxg7 13. Nc3 Qf6 14. Ne4 Qe7
15. O-O Bf5 16. Nf6+ Kf8 17. Re1 Qxe2 18. Ba3+ 1-0

[Event "CAN op"]
[Site "Hamilton CAN"]
[Date "2022.07.15"]
[Round "7.18"]
[White "Chen, Rachel Ruoxuan"]
[Black "Song, Edward"]
[Result "1/2-1/2"]
[WhiteElo "1988"]
[BlackElo "2474"]
[PlyCount "51"]
[EventDate "2022.07.12"]
[EventType "swiss"]
[EventRounds "9"]
[EventCountry "CAN"]

1. e4 c5 2. Nf3 e6 3. d4 cxd4 4. Nxd4 a6 5. c4 Nf6 6. Nc3 Qc7 7. Be2 Bb4 8. Qd3
Nc6 9. Nxc6 dxc6 10. O-O e5 11. Qg3 O-O 12. Bh6 Ne8 13. Be3 Qe7 14. Na4 Bd6 15.
c5 Bc7 16. Nb6 Rb8 17. Nxc8 Rxc8 18. Rfd1 Kh8 19. Rac1 Nf6 20. Bg5 Rcd8 21. Qh4
Rxd1+ 22. Bxd1 Rd8 23. Bg4 Kg8 24. Bxf6 Qxf6 25. Qxf6 gxf6 26. Rd1 1/2-1/2

[Event "CAN op"]
[Site "Hamilton CAN"]
[Date "2022.07.15"]
[Round "7.19"]
[White "Rek, Slava"]
[Black "Oancea, Nicolae"]
[Result "1-0"]
[WhiteElo "2331"]
[BlackElo "2005"]
[PlyCount "80"]
[EventDate "2022.07.12"]
[EventType "swiss"]
[EventRounds "9"]
[EventCountry "CAN"]

1. e4 e6 2. d3 d5 3. Nd2 Nf6 4. Ngf3 dxe4 5. dxe4 Be7 6. Bd3 Nc6 7. O-O e5 8.
Nc4 Bg4 9. h3 Bh5 10. Re1 Nd7 11. c3 Nc5 12. Bc2 Qxd1 13. Rxd1 f6 14. b4 Ne6
15. Bb3 Nf4 16. Bxf4 exf4 17. Ba4 a6 18. Na5 Bxf3 19. gxf3 b5 20. Bxb5 axb5 21.
Nxc6 Ra6 22. Na5 O-O 23. Rd7 Bd6 24. Rd1 Rf7 25. Rd8+ Rf8 26. Rxf8+ Kxf8 27.
Rd5 Be5 28. Rxb5 Bxc3 29. a3 Bb2 30. Rb8+ Kf7 31. Rb7 Bxa3 32. Rxc7+ Kg6 33.
Nc6 Kh5 34. b5 Rb6 35. Rxg7 Rxb5 36. Rxh7+ Kg6 37. Rd7 Rg5+ 38. Kh2 Bc5 39. Nd4
Bf8 40. Ne6 Re5 1-0

[Event "CAN op"]
[Site "Hamilton CAN"]
[Date "2022.07.15"]
[Round "7.20"]
[White "Guo, Veronica (Yu Han)"]
[Black "Chen, Max"]
[Result "0-1"]
[WhiteElo "1984"]
[BlackElo "2299"]
[PlyCount "128"]
[EventDate "2022.07.12"]
[EventType "swiss"]
[EventRounds "9"]
[EventCountry "CAN"]

1. d4 Nf6 2. c4 g6 3. Nc3 d5 4. Nf3 Bg7 5. Bg5 Ne4 6. cxd5 Nxg5 7. Nxg5 e6 8.
Nf3 exd5 9. g3 O-O 10. Bg2 c6 11. O-O Nd7 12. e3 Re8 13. b4 Nf6 14. Ne5 Ne4 15.
Nxe4 dxe4 16. Bxe4 Qe7 17. Bg2 Bxe5 18. dxe5 Qxe5 19. Qe2 Be6 20. a3 Rad8 21.
Rac1 Rd7 22. Rfd1 Red8 23. Rxd7 Rxd7 24. Rd1 Rd6 25. Bf1 Bd5 26. f4 Qe7 27. e4
Bc4 28. Qc2 Rxd1 29. Qxd1 Qxe4 30. Bxc4 Qxc4 31. Qd8+ Kg7 32. Qb8 Qd4+ 33. Kf1
h5 34. Qxb7 Qd3+ 35. Kg2 Qxa3 36. Qe7 Qa2+ 37. Kg1 Qb1+ 38. Kg2 Qc2+ 39. Kh3
Qf5+ 40. Kg2 Qd5+ 41. Kg1 a6 42. Qb7 Qd1+ 43. Kg2 Qe2+ 44. Kh3 Qf1+ 45. Kh4 Qb5
46. Qe7 Qf5 47. Qg5 Qxg5+ 48. Kxg5 f6+ 49. Kh4 f5 50. h3 Kf6 51. g4 hxg4 52.
hxg4 c5 53. bxc5 a5 54. c6 Ke7 55. gxf5 gxf5 56. Kg5 a4 57. Kxf5 a3 58. Kg6 a2
59. c7 Kd7 60. f5 a1=Q 61. f6 Qa3 62. Kg7 Qg3+ 63. Kf8 Kxc7 64. f7 Qg5 0-1

[Event "CAN op"]
[Site "Hamilton CAN"]
[Date "2022.07.15"]
[Round "7.21"]
[White "Zomorrodian, Eilia"]
[Black "Kim, Noah"]
[Result "1/2-1/2"]
[WhiteElo "2263"]
[BlackElo "2000"]
[PlyCount "77"]
[EventDate "2022.07.12"]
[EventType "swiss"]
[EventRounds "9"]
[EventCountry "CAN"]

1. e4 c6 2. d4 d5 3. exd5 cxd5 4. c4 Nf6 5. Nc3 g6 6. Qb3 Bg7 7. cxd5 O-O 8.
Be2 Nbd7 9. Bf3 Nb6 10. Nge2 Bg4 11. Bxg4 Nxg4 12. Bf4 Nf6 13. d6 exd6 14. O-O
Re8 15. Rfe1 Qd7 16. a4 d5 17. Be5 Ng4 18. Bxg7 Kxg7 19. a5 Nc4 20. Nf4 Rxe1+
21. Rxe1 Nxa5 22. Qxd5 Qxd5 23. Ncxd5 Nc6 24. Ne3 Nf6 25. d5 Nb4 26. Rc1 g5 27.
Nf5+ Kf8 28. Nh3 g4 29. Ng5 Nbxd5 30. Nd6 b5 31. Rc5 a6 32. Ndxf7 Ra7 33. Nd6
Kg7 34. Rc6 Kg6 35. Nge4 Rc7 36. Rxc7 Nxc7 37. Nc5 Nfd5 38. g3 Kf6 39. h3
1/2-1/2

[Event "CAN op"]
[Site "Hamilton CAN"]
[Date "2022.07.15"]
[Round "7.22"]
[White "Manley, Jason"]
[Black "Su, Ethan"]
[Result "1/2-1/2"]
[WhiteElo "2210"]
[BlackElo "1987"]
[PlyCount "79"]
[EventDate "2022.07.12"]
[EventType "swiss"]
[EventRounds "9"]
[EventCountry "CAN"]

1. e4 c5 2. Nf3 e6 3. c3 d5 4. e5 d4 5. cxd4 cxd4 6. Qa4+ Nc6 7. Bb5 Bd7 8.
Bxc6 Bxc6 9. Qxd4 Bxf3 10. Qxd8+ Rxd8 11. gxf3 Ne7 12. d4 Nf5 13. Be3 Nxd4 14.
Bxd4 Rxd4 15. a3 Rd5 16. f4 Rd4 17. Nc3 Rxf4 18. O-O Bc5 19. Nb5 O-O 20. Rac1
Bd4 21. Nxd4 Rxd4 22. Rc7 Rb8 23. Rfc1 Kf8 24. R1c3 g5 25. Rb3 a5 26. Rf3 Rf4
27. Rxf4 gxf4 28. Kg2 b5 29. Ra7 Rd8 30. Rxa5 b4 31. axb4 Rd2 32. Rc5 Rd4 33.
b5 Rb4 34. Kf3 Rxb2 35. h4 Rb4 36. Kg4 f3+ 37. Kg3 Kg7 38. Kh3 Kg6 39. Kg3 Kg7
40. Kh3 1/2-1/2

[Event "CAN op"]
[Site "Hamilton CAN"]
[Date "2022.07.15"]
[Round "7.23"]
[White "He, Matthew"]
[Black "Rosenberg, Evan"]
[Result "0-1"]
[WhiteElo "1945"]
[BlackElo "2205"]
[PlyCount "86"]
[EventDate "2022.07.12"]
[EventType "swiss"]
[EventRounds "9"]
[EventCountry "CAN"]

1. d4 Nf6 2. c4 e6 3. Nc3 Bb4 4. Qc2 d5 5. cxd5 exd5 6. Bg5 h6 7. Bxf6 Qxf6 8.
a3 Bxc3+ 9. Qxc3 c6 10. e3 O-O 11. Ne2 Re8 12. Ng3 b6 13. Rc1 c5 14. dxc5 d4
15. Qd2 dxe3 16. fxe3 bxc5 17. Rxc5 Na6 18. Rc3 Bb7 19. Bc4 Rad8 20. Qe2 Re7
21. Rf1 Qg6 22. Bd3 Qb6 23. Nf5 Re5 24. Qg4 Rxf5 25. Rxf5 Qxb2 26. Qc4 Rf8 27.
Rb3 Qxg2 28. Rxb7 Qxb7 29. Qxa6 Qh1+ 30. Rf1 Qxh2 31. Qxa7 Qa2 32. Rf2 Qa1+ 33.
Ke2 Qb2+ 34. Kf1 Qb3 35. Bc2 Qc4+ 36. Kg1 Rd8 37. Qb6 Qg4+ 38. Rg2 Qh4 39. Qb4
Qf6 40. Qg4 g6 41. a4 Kg7 42. Qf5 Rd1+ 43. Kf2 Qh4+ 0-1

[Event "CAN op"]
[Site "Hamilton CAN"]
[Date "2022.07.15"]
[Round "7.24"]
[White "Lin, Leo"]
[Black "Liu, Zachary"]
[Result "1-0"]
[WhiteElo "2189"]
[BlackElo "1891"]
[PlyCount "73"]
[EventDate "2022.07.12"]
[EventType "swiss"]
[EventRounds "9"]
[EventCountry "CAN"]

1. e4 c5 2. Nc3 Nc6 3. Bb5 e6 4. Bxc6 bxc6 5. d3 d5 6. f4 Nf6 7. e5 Nd7 8. Nf3
Be7 9. O-O Ba6 10. Qe1 c4 11. d4 c5 12. Be3 Rb8 13. Rb1 Qb6 14. Kh1 Qc6 15.
dxc5 Nxc5 16. Nd4 Qc7 17. f5 g6 18. fxe6 fxe6 19. Qg3 Qd7 20. Bh6 Rb6 21. Qf4
Kd8 22. Qf7 Kc7 23. Qf4 Rhb8 24. Qc1 Bd8 25. Rf2 Kc8 26. Bf8 Nb7 27. Qf1 Qc7
28. Re1 Nc5 29. Rf7 Nd7 30. Bd6 Rxd6 31. exd6 Qb6 32. Rxd7 Kxd7 33. Qf7+ Kc8
34. Qxe6+ Kb7 35. Qxd5+ Kc8 36. d7+ Kc7 37. Ne6+ 1-0

[Event "CAN op"]
[Site "Hamilton CAN"]
[Date "2022.07.15"]
[Round "7.25"]
[White "Mok, Gillian"]
[Black "Joseph Benher, Savio"]
[Result "0-1"]
[WhiteElo "1735"]
[BlackElo "2213"]
[PlyCount "66"]
[EventDate "2022.07.12"]
[EventType "swiss"]
[EventRounds "9"]
[EventCountry "CAN"]

1. e4 e6 2. d4 d5 3. exd5 exd5 4. Nf3 Bd6 5. c4 dxc4 6. Bxc4 Nf6 7. Nc3 O-O 8.
O-O h6 9. h3 Nc6 10. Nb5 Bf5 11. Bd2 a6 12. Nxd6 Qxd6 13. Bc3 Rad8 14. Re1 b5
15. Nh4 Bxh3 16. gxh3 bxc4 17. Nf5 Qf4 18. Qc2 Rd5 19. Ng3 Nxd4 20. Bxd4 Rxd4
21. Re2 Rfd8 22. Rae1 Rd2 23. Qa4 Rxe2 24. Rxe2 h5 25. Qc6 h4 26. Ne4 Rd1+ 27.
Kg2 Ng4 28. Qe8+ Kh7 29. hxg4 h3+ 30. Kxh3 Qf3+ 31. Kh4 Rh1+ 32. Kg5 f6+ 33.
Nxf6+ gxf6# 0-1

[Event "CAN op"]
[Site "Hamilton CAN"]
[Date "2022.07.15"]
[Round "7.26"]
[White "Zhu, Charis"]
[Black "Malakhovets, Sergey"]
[Result "0-1"]
[WhiteElo "1640"]
[BlackElo "2204"]
[PlyCount "72"]
[EventDate "2022.07.12"]
[EventType "swiss"]
[EventRounds "9"]
[EventCountry "CAN"]

1. d4 d5 2. Bf4 c6 3. Nf3 Qb6 4. b3 Nf6 5. e3 Bf5 6. Bd3 Bxd3 7. Qxd3 e6 8.
Nbd2 Nbd7 9. c3 Be7 10. O-O Nh5 11. Bg3 Nxg3 12. hxg3 f5 13. c4 O-O 14. c5 Qc7
15. b4 a6 16. Nb3 Nf6 17. a4 Ne4 18. b5 g5 19. b6 Qc8 20. Na5 Bf6 21. Rab1 Rf7
22. Ne1 e5 23. Nc2 exd4 24. exd4 Bg7 25. Nb4 Rf6 26. Nxd5 cxd5 27. c6 Rxc6 28.
Nxc6 Qxc6 29. Rfc1 Qxa4 30. Rc7 Bxd4 31. Rf1 Rf8 32. Kh2 Rd8 33. Qf3 Bxb6 34.
Re7 Bc5 35. Rxb7 Qc6 36. Rfb1 Qh6+ 0-1

[Event "CAN op"]
[Site "Hamilton CAN"]
[Date "2022.07.15"]
[Round "7.27"]
[White "Moura, Eduardo"]
[Black "Wu, Lucian"]
[Result "1-0"]
[WhiteElo "2194"]
[BlackElo "1726"]
[PlyCount "61"]
[EventDate "2022.07.12"]
[EventType "swiss"]
[EventRounds "9"]
[EventCountry "CAN"]

1. e4 c5 2. c3 Nf6 3. e5 Nd5 4. d4 cxd4 5. Nf3 Nc6 6. cxd4 d6 7. Bc4 e6 8. O-O
Be7 9. Qe2 O-O 10. Nc3 Nxc3 11. bxc3 dxe5 12. dxe5 Qc7 13. Qe4 b6 14. Re1 Bb7
15. Qg4 Rfd8 16. Bh6 Bf8 17. Bg5 Be7 18. Bf6 Bxf6 19. exf6 g6 20. Qh4 Qd6 21.
Ng5 h5 22. Nxf7 Kxf7 23. Rxe6 Qxe6 24. Bxe6+ Kxe6 25. Re1+ Kf7 26. Qc4+ Kf8 27.
Qf4 Rd7 28. Qh6+ Kg8 29. Qxg6+ Kf8 30. Qxh5 Rg7 31. fxg7+ 1-0